1825 1214 1591 1578 1944 1403 1819 1664 1473 1179 1791 1598 1464 1487 1807 1031 1654 1726 1886 1832 1487 1480 1301 1585 1317 1734 1847 1592 1945 1935 1601 1383 1211 1501 1413 1926 1568 1206 1550 1642 1556 1976 1707 1715 1647 1403 1614 1503 1895 1922 1337 1208 1252 1773 1206 1669 1791 1165 1212 1149 1529 1107 1338 1969 1615 1540 1736 1856 1163 1789 1043 1132 1101 1331 1178 1173 1032 1851 1892 1603 1709 1457 1892 1433 1942 1426 1680 1819 1857 1095 1630 1743 1549 1033 1413 1946 1780 1568 1716 BCNSPRNW ULIB Ver.6.0+V

เปลี่ยนเป็นภาษาไทย

Change to English
 แสดงรายละเอียดบรรณานุกรม
  กลับหน้าหลัก

Brief Record : Get Marc (ISO 2709) : E-mail record : QR code < ปิดหน้าต่าง
LEADER : 00000nam 2200000uu 4500
001    13399113103
003     ULIB
008    110927s2550||||th 000 0 tha d
020    9789747251487
050  4 PN6129.T5^bส731ข 2550
100 0  สิริกิติ์ พระบรมราชินีนาถ,^cสมเด็จพระนางเจ้า,^d2475-
245 10 ของขวัญของแม่ :^bสมุดบันทึกคำสอนของแม่มอบแด่ลูกอันเป็นที่รักยิ่ง
260    กรุงเทพฯ :^bธรรมสภา,^c2550
300    82 หน้า :^bภาพประกอบ ;^c22 ซม.
600 07 สิริกิติ์ พระบรมราชินีนาถ, สมเด็จพระนางเจ้า,^d2475-^xพระราชดำรัส
650  4 พระราชดำรัส
945    ^p100^l0^i023161
995    ทศพร
999 ^a ทศพร
รายการนี้ยังไม่มีแท็ก
คุณยังไม่ได้ล็อกอิน คุณสามารถมีกิจกรรมร่วมกับเว็บไซต์ได้ แต่ต้องล็อกอินก่อน ::
  ล็อกอิน

รายการสื่อสารสนเทศ

ลำดับที่ ประเภท เลขเรียก/บาร์โค้ด สถานที่ สถานะ
- ไม่พบข้อมูล -

รายการใกล้เคียง
    หัวเรื่อง [พระราชดำรัส]

BibComment


ยังไม่เคยถูกคอมเมนท์

คอมเมนท์ทรัพยากรรายการนี้
  คอมเมนท์: ของขวัญของแม่ สม..


 Copyright 2026. Bcnsprnw @Library